Central Library OPAC University of Rajshahi

Moderne Methoden der Pflanzenanalyse / (Record no. 66690)

MARC details
000 -LEADER
fixed length control field 01064nam a2200277 a 4500
001 - CONTROL NUMBER
control field 66690
003 - CONTROL NUMBER IDENTIFIER
rucl marc code BD-RjUL
005 - DATE AND TIME OF LATEST TRANSACTION
control field 20211209081552.0
008 - FIXED-LENGTH DATA ELEMENTS--GENERAL INFORMATION
fixed length control field 170319s1956 gw a 001 0 eng d
035 ## - SYSTEM CONTROL NUMBER
System control number (BD-RjUL)66821
040 ## - CATALOGING SOURCE
Original cataloging agency Georgia. Inst. of Tech. Library
Transcribing agency TxDW
Modifying agency BD-RjUL
Language of cataloging eng
041 0# - LANGUAGE CODE
Language code of text/sound track or separate title gerengfre
082 ## - DEWEY DECIMAL CLASSIFICATION NUMBER
Edition number 23
Classification number 581
Author mark and year MOD 1956
100 1# - MAIN ENTRY--PERSONAL NAME
Personal name Paech, K.
Fuller form of name (Karl),
Dates associated with a name 1908-
9 (RLIN) 197424
245 10 - TITLE STATEMENT
Title Moderne Methoden der Pflanzenanalyse /
Statement of responsibility, etc. hrsg. von K. Paech [und] M.V. Tracey.
260 ## - PUBLICATION, DISTRIBUTION, ETC. (IMPRINT)
Place of publication, distribution, etc. Berlin :
Name of publisher, distributor, etc. Springer,
Date of publication, distribution, etc. 1956
300 ## - PHYSICAL DESCRIPTION
Pagination V. P. :
Illustrations ill. ;
Size 25 cm.
500 ## - GENERAL NOTE
General note German, English or French ; added t.p. in English.
General note Vols. 5-6: Begründet von K. Paech und M.V. Tracey, fortgeführt von H.F. Linskens und M.V. Tracey; v.7: Begründet von K. Paech und M.V. Tracey, redigiert von H.F.Linskens, B.D. Sanwal, M.V. Tracey.
504 ## - BIBLIOGRAPHY, ETC. NOTE
Bibliography, etc Includes bibliographies.
505 0# - FORMATTED CONTENTS NOTE
Formatted contents note Vol. 1 --
650 #0 - SUBJECT ADDED ENTRY--TOPICAL TERM
Topical term or geographic name as entry element Plants
General subdivision Analysis.
9 (RLIN) 32368
700 1# - ADDED ENTRY--PERSONAL NAME
Personal name Tracey, Michael Vincent,
Relator term joint ed.
942 ## - ADDED ENTRY ELEMENTS (KOHA)
Source of classification or shelving scheme Dewey Decimal Classification
Koha item type Books
Holdings
Lost status Source of classification or shelving scheme Damaged status Not for loan Collection code Permanent Location Current Location Shelving location Date acquired Source of acquisition Cost, normal purchase price Total Checkouts Full call number Date last seen Copy number Koha item type
  Dewey Decimal Classification   Not For Loan Non-fiction Central Library, University of Rajshahi Central Library, University of Rajshahi Reading Room 21/12/1964 Euro -Pak News Agency. 172.50   581 MOD V-1 1956 19/03/2017 C-1 Books